00229nam a2200085Ia 4500008004100000082001600041100001700057245004600074300002300120230907s9999||||xx |||||||||||||| ||und|| a660.28bSMI aSmith, Robin 0aChemical process design and integration / axxiii, 896 pages ;